000
00295nam a2200121Ia 4500
005
20260326100039.0
008
260326s9999||||xx |||||||||||||| ||und||
100
_a
Gibelli, Nicolas J.
245
0
_a
Grandes Museus do Mundo /
_c
Nicolas J. Gibelli
260
_b
Codex
650
_a
ARTE
942
_c
BK
999
_c
6924
_d
6924